Culture générale - Depuis quand ? *3* - Statistiques

Statistiques générales
  • Ce quiz a été pris 47 fois
  • Le résultat moyen est 4 sur 15
Statistiques - réponses
Hint Explanation Réponse % Correct
peut-on se pacser ? Art 515-1 du Code civil 1999
65%
peut-on admirer Notre-Dame de Paris achevée ? Début de construction 1133 1345
51%
célèbre-t-on la victoire d'Austerlitz 2 décembre 1805
47%
a-t-on un acte de naissance en France ? auparavant il s'agissait d'actes de baptême 1792
33%
peut-on entendre la symphonie n°5 de Beethoven écrite en 1805-1807 1808
23%
joue-t-on avec un écran magique ? Invention d'André Cassagnes 1959
21%
existe la pile électrique ? Invention d'Alessandro Volta 1800
19%
dispose-t-on d'un moteur automobile à deux temps ? Invention de Karl Benz 1879
19%
existe le semoir automatique ? Invention de Jethro Tull 1701
16%
utilise-t-on des batteries solaires ? Invention des Laboratoires Bell 1954
16%
existe le vaccin contre la leishmaniose Découverte de L. Monjour 1985
16%
existe le pneu à clous ? Michelin 1905
14%
mange-t-on de la margarine ? Invention d'Hippolyte Mège-Mouriès 1869
12%
connait-on les rayons X ? Découverte de W. Rontgen 1895
12%
roule-t-on au gazole ? Le moteur Diesel est inventé par R. Diesel 1893
9%
Aucun quiz correspondant
Distribution des résultats
% des personnes avec chaque résultat
Percentile par nombre de réponses
Votre historique - résultats
Vous n’avez pas pris ce quiz